| 000 | 00910pab a2200169 454500 | ||
|---|---|---|---|
| 008 | 180718b2009 xxu||||| |||| 00| 0 eng d | ||
| 100 | _aGuha Roy, Jaytilak | ||
| 245 | _aThe right to information: Some emerging issues of public concern | ||
| 260 | _c2009 | ||
| 300 | _ap.406-412. | ||
| 362 | _aJul-Sep | ||
| 520 | _aAn ingrained mindset of denial of information is coming to surface time and again jeopardizing the implementation of right to information. A spirited effort to keep file notings, records of UPSC and judiciary out of the purview of the Act have already become stumbling blocks to emergence of an information regime. The article takes a critical look at the legal aspect of tenability and rationale of exemption sought from the Right to Information Act. - Reproduced. | ||
| 650 | _aRight to information | ||
| 773 | _aIndian Journal of Public Administration | ||
| 908 | _aN | ||
| 909 | _a84929 | ||
| 999 |
_c84929 _d84929 |
||